College Psychology (Record no. 8254)

MARC details
000 -LEADER
fixed length control field 00592nam a22002057a 4500
003 - CONTROL NUMBER IDENTIFIER
control field OSt
005 - DATE AND TIME OF LATEST TRANSACTION
control field 20260204035229.0
008 - FIXED-LENGTH DATA ELEMENTS--GENERAL INFORMATION
fixed length control field 260204b |||||||| |||| 00| 0 eng d
020 ## - INTERNATIONAL STANDARD BOOK NUMBER
International Standard Book Number 971-93399-6-9.
040 ## - CATALOGING SOURCE
Original cataloging agency DWC-Main lib
Transcribing agency OC
082 ## - DEWEY DECIMAL CLASSIFICATION NUMBER
Classification number Fil. 150 Es82c 2006
100 ## - MAIN ENTRY--PERSONAL NAME
Personal name Estoque, Ronan S.
245 ## - TITLE STATEMENT
Title College Psychology
Statement of responsibility, etc. Ronan S. Estoque
260 ## - PUBLICATION, DISTRIBUTION, ETC.
Place of publication, distribution, etc. Makati City :
Name of publisher, distributor, etc. Mindshapers Co., Inc.,
Date of publication, distribution, etc. c2006.
300 ## - PHYSICAL DESCRIPTION
Extent xi, 213 pages ;
Dimensions 23 cm.
650 ## - SUBJECT ADDED ENTRY--TOPICAL TERM
Topical term or geographic name entry element 1. Science.
700 ## - ADDED ENTRY--PERSONAL NAME
Personal name De la Cruz, Rogelio G.
700 ## - ADDED ENTRY--PERSONAL NAME
Dates associated with a name Tan-Pichay, Marinelle Ivy P.
942 ## - ADDED ENTRY ELEMENTS (KOHA)
Source of classification or shelving scheme Dewey Decimal Classification
Koha item type Book-Filipiniana
Call number prefix Fil.
Suppress in OPAC No
952 ## - LOCATION AND ITEM INFORMATION (KOHA)
--
952 ## - LOCATION AND ITEM INFORMATION (KOHA)
--
Holdings
Withdrawn status Lost status Source of classification or shelving scheme Damaged status Not for loan Home library Current library Shelving location Date acquired Source of acquisition Cost, normal purchase price Total Checkouts Full call number Barcode Date last seen Copy number Price effective from Koha item type Uniform Resource Identifier
    Dewey Decimal Classification     College Library College Library Filipiniana 08/31/2007 School Fund 0.00   Fil. 150 Es82c 2006 CL45127 02/04/2026 c1 02/04/2026 BK - FIL
    Dewey Decimal Classification     College Library College Library Filipiniana 08/31/2007 School Fund 0.00   Fil. 150 Es82c 2006 CL45122 02/04/2026 c2 02/04/2026 BK - FIL